[Event "FRA-chT4 1314"]
[Site "Champagne Ardennes"]
[Date "2014.04.07"]
[Round "7.3"]
[White "Biniaux, Michael"]
[Black "Massart, Jeremy"]
[Result "0-1"]
[WhiteElo "1723"]
[BlackElo "1840"]
[PlyCount "90"]
[EventDate "2013.10.25"]
[EventType "team-tourn"]
[EventRounds "7"]
[EventCountry "FRA"]
[SourceTitle "EXT 2024"]
[Source "ChessBase"]
[SourceDate "2023.10.10"]
[SourceVersion "1"]
[SourceVersionDate "2023.10.10"]
[SourceQuality "1"]

1. d4 Nf6 2. e3 d5 3. Bd3 c5 4. c3 Nc6 5. f4 c4 6. Bc2 g6 7. Nd2 Bf5 8. Bxf5 gxf5 9. Ngf3 e6 10. 0-0 Rg8 11. Ne5 Ng4 12. Nxc6 bxc6 13. Qa4 Qb6 14. Rf3 Qb5 15. Qd1 Qa5 16. b4 Qd8 17. Qa4 Qb6 18. Rg3 Bd6 19. h3 Nf6 20. Rxg8+ Nxg8 21. g4 fxg4 22. hxg4 Nh6 23. Qd1 0-0-0 24. Kf2 f5 25. g5 Ng4+ 26. Ke2 h6 27. Nf3 Rh8 28. Qh1 Qd8 29. Qh5 Qe8 30. Qxe8+ Rxe8 31. gxh6 Rh8 32. Bd2 Rxh6 33. Be1 Rh1 34. Rd1 Nf6 35. Ng5 Kd7 36. Bf2 Rxd1 37. Kxd1 Ne4 38. Nxe4 fxe4 39. Bh4 Ke8 40. Kc2 Kf7 41. Kd2 Kg6 42. Ke2 Kh5 43. Bg5 Kg4 44. Kf2 a6 45. Kg2 Bxb4 0-1

[Event "FRA-chT4 1314"]
[Site "Champagne Ardennes"]
[Date "2014.02.02"]
[Round "5.5"]
[White "Biniaux, Michael"]
[Black "Baret, Benoit"]
[Result "1-0"]
[WhiteElo "1715"]
[BlackElo "1716"]
[PlyCount "51"]
[EventDate "2013.10.25"]
[EventType "team-tourn"]
[EventRounds "7"]
[EventCountry "FRA"]
[SourceTitle "EXT 2024"]
[Source "ChessBase"]
[SourceDate "2023.10.10"]
[SourceVersion "1"]
[SourceVersionDate "2023.10.10"]
[SourceQuality "1"]

1. d4 d5 2. e3 Nf6 3. Bd3 e6 4. Nd2 Bd6 5. f4 Nbd7 6. Nh3 b6 7. 0-0 c5 8. c3 Bb7 9. Qf3 Nf8 10. e4 dxe4 11. Nxe4 Bxe4 12. Bxe4 Rc8 13. Bc6+ N8d7 14. Bd2 0-0 15. Nf2 Qc7 16. Bb5 Rfd8 17. Nd3 Qb8 18. Ne5 cxd4 19. cxd4 Bxe5 20. fxe5 Nxe5 21. dxe5 Qxe5 22. Ba6 Rc2 23. Bc3 Qc5+ 24. Kh1 Rd7 25. Bd3 Rxc3 26. bxc3 1-0

[Event "La Fere op 11th"]
[Site "La Fere"]
[Date "2012.07.12"]
[Round "7"]
[White "Biniaux, Michael"]
[Black "Degraeve, Remy"]
[Result "1-0"]
[WhiteElo "1724"]
[BlackElo "1368"]
[PlyCount "29"]
[EventDate "2012.07.07"]
[EventType "swiss"]
[EventRounds "9"]
[EventCountry "FRA"]
[SourceTitle "CBM 149 Extra"]
[Source "ChessBase"]
[SourceDate "2012.08.24"]
[SourceVersion "1"]
[SourceVersionDate "2012.08.24"]
[SourceQuality "1"]

1. d4 Nf6 2. e3 e6 3. Bd3 b6 4. Nd2 Bb7 5. e4 c5 6. c3 Nc6 7. Ngf3 Be7 8. 0-0 0-0 9. a3 a5 10. Qe2 Qc7 11. e5 Nd5 12. Ne4 d6 13. c4 Nf4 14. Bxf4 dxe5 15. dxe5 1-0

[Event "La Fere op 11th"]
[Site "La Fere"]
[Date "2012.07.09"]
[Round "3"]
[White "Biniaux, Michael"]
[Black "Huyet, Yannick"]
[Result "1/2-1/2"]
[WhiteElo "1724"]
[BlackElo "1569"]
[PlyCount "104"]
[EventDate "2012.07.07"]
[EventType "swiss"]
[EventRounds "9"]
[EventCountry "FRA"]
[SourceTitle "CBM 149 Extra"]
[Source "ChessBase"]
[SourceDate "2012.08.24"]
[SourceVersion "1"]
[SourceVersionDate "2012.08.24"]
[SourceQuality "1"]

1. d4 Nf6 2. e3 d5 3. Bd3 e6 4. Nd2 c5 5. c3 Bd7 6. f4 c4 7. Bc2 b5 8. Qf3 b4 9. Nh3 Nc6 10. 0-0 Qa5 11. e4 dxe4 12. Nxe4 Nd5 13. Bd2 Be7 14. Neg5 bxc3 15. Bxc3 Nxc3 16. bxc3 h6 17. Qh5 0-0-0 18. Qf3 hxg5 19. fxg5 Rhf8 20. Rab1 Kc7 21. Nf4 Bxg5 22. a4 Rb8 23. d5 Qc5+ 24. Kh1 Ne5 25. Qg3 Rxb1 26. Rxb1 Bxf4 27. Qxf4 Qd6 28. Qd4 exd5 29. Qxa7+ Kd8 30. Rb6 Nc6 31. Qa6 Qf4 32. Rb1 Re8 33. Qb6+ Qc7 34. Qc5 Qe5 35. Qb6+ Qc7 36. Qc5 Ne7 37. Qd4 Bc6 38. Qxg7 Rg8 39. Qd4 Kd7 40. Rd1 Kd8 41. Qxc4 Ke8 42. Qd4 Qd7 43. h3 Qc7 44. Rd2 Qg3 45. Re2 Qd6 46. c4 Qb4 47. Qf6 Bb7 48. a5 dxc4 49. a6 Ba8 50. Ba4+ Kf8 51. Qh6+ Rg7 52. Qh8+ Rg8 1/2-1/2

[Event "FRA-chT3"]
[Site "France"]
[Date "2012.02.05"]
[Round "5"]
[White "Biniaux, Michael"]
[Black "Brajon, Eric"]
[Result "0-1"]
[WhiteElo "1735"]
[BlackElo "1940"]
[PlyCount "78"]
[EventDate "2012.01.20"]
[EventType "team-match"]
[EventRounds "9"]
[EventCountry "FRA"]
[SourceTitle "EXT 2014"]
[Source "ChessBase"]
[SourceDate "2013.11.20"]
[SourceVersion "1"]
[SourceVersionDate "2013.11.20"]
[SourceQuality "1"]

1. d4 g6 2. e4 d6 3. f4 Bg7 4. Nf3 Nf6 5. Nbd2 c5 6. c3 Qa5 7. e5 Ng4 8. exd6 cxd4 9. Nc4 Qd8 10. Nfe5 Nxe5 11. fxe5 dxc3 12. Qf3 0-0 13. bxc3 exd6 14. Ba3 Re8 15. Bxd6 Nc6 16. Rd1 Qg5 17. h4 Qg4 18. Rd5 Qxf3 19. gxf3 Be6 20. Rb5 Bxc4 21. Bxc4 Nxe5 22. Bxe5 Rxe5+ 23. Kd2 Rxb5 24. Bxb5 Rd8+ 25. Ke2 Bxc3 26. Rc1 Ba5 27. Bc4 Rd2+ 28. Ke3 Rh2 29. Rd1 Rxh4 30. f4 Bb6+ 31. Kf3 Rh3+ 32. Kg4 Rc3 33. Bd5 Kg7 34. f5 h5+ 35. Kf4 Bc7+ 36. Ke4 g5 37. f6+ Kxf6 38. Rf1+ Bf4 39. Kd4 Rc7 0-1

[Event "FRA-chT3"]
[Site "France"]
[Date "2011.10.16"]
[Round "1"]
[White "Waczecka, Jerome"]
[Black "Biniaux, Michael"]
[Result "0-1"]
[WhiteElo "1734"]
[BlackElo "1710"]
[PlyCount "72"]
[EventDate "2012.01.20"]
[EventType "team-match"]
[EventRounds "9"]
[EventCountry "FRA"]
[SourceTitle "EXT 2014"]
[Source "ChessBase"]
[SourceDate "2013.11.20"]
[SourceVersion "1"]
[SourceVersionDate "2013.11.20"]
[SourceQuality "1"]

1. d4 d5 2. Nf3 Nf6 3. Bg5 e6 4. Nbd2 Be7 5. e3 Nbd7 6. Bd3 0-0 7. c3 b6 8. 0-0 Bb7 9. Ne5 Nxe5 10. dxe5 Nd7 11. Bxe7 Qxe7 12. f4 f6 13. exf6 Nxf6 14. Qe2 Rae8 15. Nf3 Qc5 16. Ne5 Qd6 17. Rad1 Qe7 18. Bb5 Rd8 19. c4 Rd6 20. Ba4 c6 21. Bc2 c5 22. g4 Nd7 23. Nxd7 Rxd7 24. g5 e5 25. Qh5 e4 26. g6 hxg6 27. Qxg6 d4 28. exd4 Rf6 29. Qh5 cxd4 30. Rf3 Qf7 31. Qh4 d3 32. Rh3 Rh6 33. Qg4 Rg6 34. Qxg6 Qxg6+ 35. Rg3 Qc6 36. Bb3 Qc5+ 0-1

[Event "La Fere op 10th"]
[Site "La Fere"]
[Date "2011.07.04"]
[Round "4.15"]
[White "Biniaux, Michael"]
[Black "Soveaux, Jean"]
[Result "0-1"]
[WhiteElo "1720"]
[BlackElo "1893"]
[PlyCount "68"]
[EventDate "2011.07.02"]
[EventType "swiss"]
[EventRounds "9"]
[EventCountry "FRA"]
[SourceTitle "EXT 2012"]
[Source "ChessBase"]
[SourceDate "2011.11.24"]
[SourceVersion "1"]
[SourceVersionDate "2011.11.24"]
[SourceQuality "1"]

1. d4 d5 2. c4 Nf6 3. Nc3 c6 4. e3 e6 5. Bd3 Nbd7 6. cxd5 exd5 7. f4 Be7 8. Nf3 h6 9. 0-0 Qc7 10. Ne5 Nh7 11. Qh5 0-0 12. Bxh7+ Kxh7 13. Nxf7 Nf6 14. Ng5+ Kg8 15. Qh4 hxg5 16. fxg5 Nh7 17. Rxf8+ Nxf8 18. e4 dxe4 19. Nxe4 Qd8 20. Bd2 Nh7 21. Re1 Bf5 22. Qf4 Bxe4 23. Qxe4 Bxg5 24. Qe6+ Kh8 25. Bxg5 Nxg5 26. Qg4 Nh7 27. h4 Qd6 28. Re6 Qd7 29. Qe4 Nf6 30. Qe5 Rd8 31. Rxf6 gxf6 32. Qxf6+ Kg8 33. Qg5+ Kf8 34. Qf6+ Ke8 0-1

[Event "La Fere op"]
[Site "La Fere"]
[Date "2010.07.06"]
[Round "5"]
[White "Biniaux, Michael"]
[Black "Herman, Jose"]
[Result "1-0"]
[WhiteElo "1772"]
[BlackElo "1640"]
[PlyCount "79"]
[EventDate "2010.07.03"]
[EventType "swiss"]
[EventRounds "9"]
[EventCountry "FRA"]
[SourceTitle "CBM 137 Extra"]
[Source "ChessBase"]
[SourceDate "2010.09.01"]
[SourceVersion "1"]
[SourceVersionDate "2010.09.01"]
[SourceQuality "1"]

1. d4 d5 2. e3 Nf6 3. Bd3 Nc6 4. f4 Bg4 5. Nf3 g6 6. Nbd2 Bg7 7. c3 0-0 8. 0-0 a6 9. Qe1 Re8 10. Ne5 Bc8 11. Qh4 Nd7 12. Ndf3 Nf8 13. Ng5 Nxe5 14. fxe5 f6 15. Nxh7 f5 16. Ng5 Bd7 17. Rf3 e6 18. b3 Rc8 19. Ba3 c5 20. g4 Re7 21. gxf5 exf5 22. Rb1 Rf7 23. Rh3 Rc6 24. Bxc5 Rxc5 25. dxc5 Bxe5 26. Nxf7 Qxh4 27. Rxh4 Kxf7 28. e4 dxe4 29. Bxe4 Bxc3 30. Bd5+ Kg7 31. Rc1 Bf6 32. Rb4 Bb2 33. Rc2 Be5 34. Bxb7 Kf6 35. Rb6+ Kg5 36. Rxa6 Bd4+ 37. Kg2 Bb5 38. Ra8 Nd7 39. a4 Bxa4 40. Rxa4 1-0

[Event "La Fere op"]
[Site "La Fere"]
[Date "2010.07.04"]
[Round "2"]
[White "Ben Porat, Zeev"]
[Black "Biniaux, Michael"]
[Result "1-0"]
[WhiteElo "1977"]
[BlackElo "1772"]
[PlyCount "99"]
[EventDate "2010.07.03"]
[EventType "swiss"]
[EventRounds "9"]
[EventCountry "FRA"]
[SourceTitle "CBM 137 Extra"]
[Source "ChessBase"]
[SourceDate "2010.09.01"]
[SourceVersion "1"]
[SourceVersionDate "2010.09.01"]
[SourceQuality "1"]

1. e4 d5 2. exd5 Qxd5 3. Nc3 Qa5 4. d4 c6 5. Bc4 Nf6 6. Bd2 Bf5 7. Nd5 Qd8 8. Nxf6+ gxf6 9. Bc3 Rg8 10. g3 e6 11. a4 a5 12. f3 h5 13. Qd2 Qc7 14. Ne2 Bd6 15. 0-0-0 Nd7 16. Bd3 Bxd3 17. Qxd3 f5 18. Bd2 0-0-0 19. c4 Bb4 20. Bxb4 axb4 21. Qe3 Rg6 22. Nf4 Nb6 23. b3 Rgg8 24. Nxh5 Nd7 25. Nf4 Kb8 26. Nd3 c5 27. dxc5 e5 28. Nxb4 Qxc5 29. Qxc5 Nxc5 30. Kb2 e4 31. f4 Kc7 32. Rxd8 Rxd8 33. Nd5+ Kd7 34. Kc3 Ke6 35. Ra1 Rh8 36. Ra2 Nd3 37. a5 Nc1 38. Rc2 Nd3 39. b4 Ne1 40. Ra2 Nd3 41. a6 Nc1 42. Rc2 bxa6 43. Rxc1 Rxh2 44. Re1 Kd7 45. Kb3 Rd2 46. Re3 Rg2 47. Ka4 Rc2 48. Rc3 Ra2+ 49. Ra3 Rc2 50. Ne3 1-0

[Event "Champagne Ardenne op 5th"]
[Site "Champagne Ardenne"]
[Date "2009.05.03"]
[Round "6"]
[White "Halfaoui, Eddine"]
[Black "Biniaux, Michael"]
[Result "1/2-1/2"]
[WhiteElo "1831"]
[BlackElo "1690"]
[PlyCount "116"]
[EventDate "2009.05.01"]
[EventType "swiss"]
[EventRounds "7"]
[EventCountry "FRA"]
[SourceTitle "EXT 2010"]
[Source "ChessBase"]
[SourceDate "2010.11.25"]
[SourceVersion "1"]
[SourceVersionDate "2010.11.25"]
[SourceQuality "1"]

1. e4 d5 2. exd5 Qxd5 3. Nc3 Qa5 4. d4 c6 5. Bd3 Nf6 6. Nge2 Bg4 7. 0-0 e6 8. f3 Bh5 9. Ne4 Be7 10. Kh1 Qd8 11. c3 Nbd7 12. Qc2 c5 13. Nxc5 Nxc5 14. dxc5 Bxc5 15. Bb5+ Ke7 16. b4 Bd6 17. Rd1 Qc7 18. Bg5 Rad8 19. h3 Bxb4 20. Qb3 Bd6 21. Be3 a6 22. Bd3 Nd5 23. Bd4 Qc6 24. Be4 Bg6 25. Bxd5 exd5 26. Bxg7 Rhg8 27. Bh6 Be5 28. Bg5+ f6 29. Bh4 Bf5 30. Nd4 Bxd4 31. Rxd4 Be6 32. Re1 Kf7 33. Qc2 Rg7 34. Bf2 Qd7 35. Rh4 Kg8 36. Bd4 Qf7 37. Rh6 Rg6 38. Qd2 Kg7 39. Rxg6+ hxg6 40. Qg5 Re8 41. f4 Rh8 42. Qg3 Bf5 43. Qe3 Be4 44. c4 Qe6 45. Kg1 Re8 46. Qb3 dxc4 47. Qc3 b5 48. Kf2 Qc6 49. g3 Kf7 50. a3 Bh1 51. Rxe8 Qg2+ 52. Ke3 Qxg3+ 53. Kd2 Qxc3+ 54. Kxc3 Kxe8 55. Bxf6 Kf7 56. Be5 Ke6 57. h4 Kd5 58. Bf6 Be4 1/2-1/2

[Event "Champagne Ardenne op 5th"]
[Site "Champagne Ardenne"]
[Date "2009.05.02"]
[Round "5"]
[White "Biniaux, Michael"]
[Black "Blond Hanten, Elsa"]
[Result "1-0"]
[WhiteElo "1690"]
[BlackElo "1328"]
[PlyCount "93"]
[EventDate "2009.05.01"]
[EventType "swiss"]
[EventRounds "7"]
[EventCountry "FRA"]
[SourceTitle "EXT 2010"]
[Source "ChessBase"]
[SourceDate "2010.11.25"]
[SourceVersion "1"]
[SourceVersionDate "2010.11.25"]
[SourceQuality "1"]

1. d4 d5 2. e3 Nc6 3. Nf3 Bg4 4. h3 Bh5 5. c4 dxc4 6. Bxc4 e5 7. g4 Bg6 8. d5 Nb4 9. Qa4+ c6 10. Nxe5 b5 11. Bxb5 Qxd5 12. Bxc6+ Nxc6 13. Nxc6 Qxh1+ 14. Ke2 Bc5 15. Bd2 Nf6 16. b4 Ne4 17. Nb8+ Ke7 18. Qd7+ Kf6 19. g5+ Kxg5 20. Qg4+ Kf6 21. Nd7+ Ke7 22. Nxc5 h5 23. Qd7+ Kf8 24. Nxe4 Qxe4 25. Nc3 Qc4+ 26. Ke1 Qh4 27. Rc1 Qf6 28. Nd5 Bf5 29. Nxf6 Bxd7 30. Nxd7+ Ke7 31. Nc5 Rad8 32. a4 Kd6 33. e4 a5 34. Bf4+ Ke7 35. b5 f6 36. Bd2 g5 37. Bxa5 g4 38. h4 Kd6 39. Bb4 Rhe8 40. a5 f5 41. Rd1+ Ke5 42. Rd5+ Kf6 43. Rxf5+ Kg6 44. Rg5+ Kh6 45. Bd2 Kh7 46. Rxh5+ Kg8 47. Kf1 1-0